000 00551nam a2200193Ia 4500
005 20260120124642.0
008 008 260114s9999 xx 000 0 eng d
020 _a9780762306831
037 _aEBOOK
040 _aCRL
_beng
_cCRL
041 _aeng
_2eng
084 _qCRL
245 0 _aAdvances in Mergers and Acquisitions
260 _bEmerald Publishing
_c2000
700 _aCary L. Cooper
_9908849
856 _uhttps://www.emerald.com/insight/publication/doi/10.1016/S1479-361X(2000)1
942 _cEBOOK
999 _c1500758
_d1500758